00247nam a22000977a 4500008004100000082001100041100001700052245003300069260003800102300000900140260429b |||||||| |||| 00| 0 eng d a001353 aShyamacharan aPanchatantra of Vishnusharma aDelhibMotilal Banarasidassc2019 a622p